000 00231 a2200097 4500
001 24764
100 _aWarring, R H
245 _aDesign & Construction of Transistor Superheth
260 _a
_bMuseum Press
_c
090 _c16730
_d16730
942 _aNUST-CAE
_cM
_c7481
999 _c259837
_d259837